| 000 | 02760cam a2200361 a 4500 | ||
|---|---|---|---|
| 005 | 2015120107037.0 | ||
| 008 | 070817s2008 dcub b 001 0 eng | ||
| 010 | _a 2007034412 | ||
| 015 |
_aGBA854642 _2bnb |
||
| 016 | 7 |
_a014584216 _2Uk |
|
| 020 | _a9781589012028 | ||
| 020 | _a158901202x | ||
| 035 | _a(OCoLC)166290696 | ||
| 041 | _aEng | ||
| 043 | _af------ | ||
| 050 | 0 | 0 |
_aHV640 _b.R41836 |
| 082 | 0 | 0 |
_a325/.21096 _222 |
| 245 | 0 | 0 |
_aRefugee rights : ethics, advocacy, and Africa _bethics, advocacy, and Africa / _cDavid Hollenbach, editor. |
| 260 |
_aWashington, D.C. : _bGeorgetown University Press, _cc2008. |
||
| 300 |
_avii, 264 p. : _bmap ; _c23 cm. |
||
| 504 | _aIncludes bibliographical references and index. | ||
| 505 | 0 | _aThere is more than one way of dying : an Ethiopian perspective on the effects of long-term stays in refugee camps / Abebe Feyissa, with Rebecca Horn -- What we owe to refugees and IDPs : an inquiry into the rights of the forcibly displaced / William O'Neill -- The presence of the Burundian refugees in Western Tanzania : ethical responsibilities as a framework for advocacy / Joint Commission for Refugees of the Burundi and Tanzania Episcopal Conferences -- The right to freedom of movement for refugees in Uganda / Lucy Hovil and Moses Chrispus Okello -- The plight of urban refugees in Nairobi, Kenya / John Burton Wagacha and John Guiney -- Protection as capability expansion : practical ethics for assisting urban refugees / Loren B. Landau -- Sexual violence, gender roles, and displacement / Binaifer Nowrojee -- Justice, women's rights, and forced migration / Susan Martin -- Human rights, the use of force, and displacement in the Great Lakes region : reflections on a troubling trend / Khoti Kamanga -- Internally displaced people, sovereignty, and the responsibility to protect / David Hollenbach -- Internally displaced persons in northern Uganda : a challenge for peace and reconciliation / Lam Oryem Cosmas -- Justice and peace : reintegration and reconciliation of returning displaced persons in postconflict situations / Stephen J. Pope -- Key ethical issues in the practices and policies of refugee-serving NGOs and churches / Agbonkhianmeghe E. Orobator. | |
| 610 | 2 | 0 |
_aHuman Rights Africa. _917858 |
| 650 | 0 |
_aRefugees _zAfrica. _917859 |
|
| 650 | 0 |
_aAsylum, Right of _zAfrica. _917860 |
|
| 650 | 0 | 7 |
_aMenschenrecht. _2swd _917861 |
| 650 | 0 | 7 |
_aFlüchtling. _2swd _917862 |
| 651 | 7 |
_aAfrika. _2swd _917863 |
|
| 700 | 1 |
_aHollenbach, David. _917864 |
|
| 856 | 4 | 1 |
_3Table of contents only _uhttp://www.loc.gov/catdir/toc/ecip0725/2007034412.html |
| 942 |
_2lcc _cBOOK |
||
| 999 |
_c653 _d653 |
||